000 00785nam a22001217a 4500
040 _cRUA
082 _aVEM KEN 2014 B435 O.1
100 _aKENG RATHANA; កេង រតនា
245 _aEffect of three antibiotics on diarrhea of suckling piglets at min kimsan farm kong pisei district, kampong speu province, ប្រសិទ្ធភាពអង់ទីប៊ីយ៉ូទិចបីប្រភេទលើជំងឺរាកកូនជ្រូកអំឡុងពេលបៅដោះនៅកសិដ្ឋាន មិន គឹមសាន ស្រុកគងពិសី ខេត្តកំពង់ស្ពឺ
300 _aix,45p.
_bill.
_c29cm.
856 _uhttps://drive.google.com/file/d/1ac-tJr9QTJi2_2VoBnOIHRhfWUplzQEy/view?usp=sharing
942 _cVEM
999 _c7151
_d7151